000 00940nam a22002417a 4500
005 20121231134825.0
008 121231t xxu||||| |||| 00| 0 eng d
010 _aENG-106495
020 _a9788178359540
_c885.00
035 _aEN-90028
037 _bDBAD/PUB
040 _aDPL
_bENG
082 _a347.54012
100 _aJain, Nilanjana
_954584
245 _aJudicial activism in India :
_cby Nilanjana Jain
_bwith special reference to the quest for social justice /
260 _aDelhi
_bKalpaz Publications
_c2013
270 _aC-30, Satyawati Nagar
_bDelhi
_e110052
_k9212729499
_mkalpaz@hotmail.com
300 _a264p.
_c23cm(Hb)
500 _aIncludes bibliographical references and index
650 _954585
942 _2ddc
_cEN
_mJAI
_h347.54012
999 _c72549
_d72549